=LDR 00000nam 2200000 4500 =001 INLIS000000000048435 =005 20161101134722.0 =006 =007 =008 =035 ##$$0010-111600000000014 =040 ##$$a NBPDMAT =082 ##$$a 351.003 5 =090 ##$$a 351.003 5$bHim h =245 ##$$a Himpunan pidato presiden tentang hubungan luar negeri tahun 2002 $c editor Ibrahim Yusuf =260 ##$$a Jakarta $b Badan Pengkajian dan Pengembangan Kebijakan Dep. Luar Negeri $c 2002 =300 ##$$a vi, 167 hlm. ; $c 24 cm =650 ##$$a Presiden - Pidato =700 ##$$a Ibrahim Yusuf =850 ##$$a NBPDMAT =990 ##$$a 31600109 =990 ##$$a 21601600/BPAP-NTB/2017